000 01489nam1a2200337 i 4500
001 RU\NLR\BIBL_A\016212428
005 20260407130836.0
010 _a9785920806536
035 _a(NLR Aleph) 016212428
090 _a12711453
_c12711453
100 _a20221118g2022 k y0rusy50 ca
101 0 _arus
_deng
_erus
_eeng
102 _aRU
105 _a||||z||||||||
181 0 _ai4
_baxxe
182 0 _an
200 1 _aЛитература народов России
_dLiterature of the peoples of Russia
_eсборник
_fИнститут мировой литературы им. А. М. Горького Российской академии наук
_gответственный редактор: Б. С. Зулумян
_zeng
203 _aТекст
_bвизуальный
_cнепосредственный
210 _aМосква
_cИМЛИ РАН
_d2022
215 _d22
510 1 _aLiterature of the peoples of Russia
_zeng
606 1 _aЛитература народов России
_jСборники
_92563547
_3RU\NLR\AUTH\661516331
686 1 _aШ5(2)я43
702 1 _aЗулумян
_bБ. С.
_gБурастан Сергеевна
_4340
712 0 2 _4570
_aИнститут мировой литературы им. А. М. Горького
_cМосква
_3RU\NLR\AUTH\889978472
_9453490
852 _aNLR
_j2022-5/11687
942 _cBOOK